| 000 | 00572cam a2200205 4500 | ||
|---|---|---|---|
| 001 | D9907 | ||
| 008 | 090401t1984 xxu||||| |||| 00| 0 eng d | ||
| 035 | _a(Sirsi) u23248 | ||
| 041 | _aeng | ||
| 050 | _a692.5 | ||
| 100 | _aWillis, Christopher J | ||
| 245 | _aMore advanced quantity surveying [new edit] in collaboration with D. Newman | ||
| 260 |
_aLondon _bGranada _c1984 |
||
| 300 | _a154p. illus. 31cm | ||
| 350 | _a12.5 | ||
| 520 | _aPrevious edition by A. J. Willis and Christopher J. Willis | ||
| 700 | _aMoseley, A.L. | ||
| 942 | _n0 | ||
| 948 | _c04/03/1997 | ||
| 999 |
_c88363 _d88363 |
||